000 00875nam a2200289 i 4500
003 DO-SdBNP
005 20260429142430.0
007 ta
008 260429b2019 dr ||||| |||| 00| 0 spa d
020 _a9788412031409
040 _aDO-SdBNP
_bspa
_cBNPHU
_erda
041 _aspa
082 4 _axxx
_bB453p
_222
100 _aBeltrán, Belié,
_eautor
_4aut.
_989432
245 1 0 _aPájaros en el vértice
_cBelié Beltrán
250 _aprimera edición
264 4 _aMadrid, España :
_bAmargord Ediciones,
_c©2019.
300 _a66 páginas ;
_c21 cm.
336 _atexto
_btxt
_2rdacontent
337 _asin mediación
_bn
_2rdamedia
338 _avolumen
_bnc
_2rdacarrier
490 0 _aColección Autores Dominicanos
_v13
500 _aIncluye datos biográficos del autor en las solapas
590 _aInventariado, 2026/BT
910 _aBtavárez
942 _2ddc
_cLBS1
999 _c60634
_d60634